Daň z nehnuteľností priznávaná v roku 2022
V priznaní k dani z nehnuteľností alebo čiastkovom priznaní k tejto dani je daňovník povinný uviesť všetky údaje priznania a svojim podpisom deklarovať správnosť a úplnosť vyplnených údajov. Tlačivo priznania alebo čiastkového priznania k dani z nehnuteľností sa doručuje správcovi dane najneskôr 31....
Salvato in:
| Autore principale: | |
|---|---|
| Natura: | Capitolo di libro |
| Lingua: | slovacco |
| Soggetti: | |
| Tags: |
Nessun Tag, puoi essere il primo ad aggiungerne!!
|
MARC
| LEADER | 00000naa a2200000 4500 | ||
|---|---|---|---|
| 001 | 0282181 | ||
| 005 | 20240417075156.1 | ||
| 041 | 0 | |a slo | |
| 044 | |a SK | ||
| 245 | 1 | 0 | |a Daň z nehnuteľností priznávaná v roku 2022 |c Iveta Ištóková |
| 520 | |a V priznaní k dani z nehnuteľností alebo čiastkovom priznaní k tejto dani je daňovník povinný uviesť všetky údaje priznania a svojim podpisom deklarovať správnosť a úplnosť vyplnených údajov. Tlačivo priznania alebo čiastkového priznania k dani z nehnuteľností sa doručuje správcovi dane najneskôr 31. 1. 2022. Po uvedenom termíne hrozí daňovníkom pokuta za oneskorené podanie. V prípade, že daňovník tlačivo zašle poštou, rozhodujúci je dátum prevzatia zásielky na pošte. | ||
| 610 | 2 | 0 | |a dane |
| 610 | 2 | 0 | |a dane domové |
| 610 | 2 | 0 | |a nehnuteľnosti |
| 610 | 2 | 0 | |a dane miestne |
| 610 | 2 | 0 | |a dane majetkové |
| 610 | 2 | 0 | |a priznania daňové |
| 610 | 2 | 0 | |a zákony |
| 610 | 2 | 0 | |a legislatíva |
| 100 | 1 | |a Ištóková, Iveta | |